International Accounting Standards (Record no. 117085)

MARC details
000 -LEADER
fixed length control field 01175cam a2200229 4500
001 - CONTROL NUMBER
control field WB4010-18
008 - FIXED-LENGTH DATA ELEMENTS--GENERAL INFORMATION
fixed length control field 040310n2004 000 0 eng u
035 ## - SYSTEM CONTROL NUMBER
System control number (Sirsi) u125387
245 ## - TITLE STATEMENT
Title International Accounting Standards
260 ## - PUBLICATION, DISTRIBUTION, ETC.
Date of publication, distribution, etc. 2004
490 ## - SERIES STATEMENT
Series statement RICS Feature
Volume/sequential designation 8 March 2004, (1)
520 ## - SUMMARY, ETC.
Summary, etc. Offers guidance to valuers on how to apply the revised International Accounting Standards relating to property. Gives specific guidance in relation to owner occupied property (IAS 16), leasehold property (IAS 17), and investment property (IAS 40). Also includes current position paper from the International Valuation Standards Committee on valuation of owner occupied property for financial statements. For links to the documents view: http://www.rics.org/ricscms/bin/show?class=Feature &template=/includes/showfeature.html&id=1045 www.rics.org
590 ## - LOCAL NOTE (RLIN)
Local note WB
590 ## - LOCAL NOTE (RLIN)
Local note WB
650 ## - SUBJECT ADDED ENTRY--TOPICAL TERM
Topical term or geographic name entry element LEASEHOLD PROPERTY
650 ## - SUBJECT ADDED ENTRY--TOPICAL TERM
Topical term or geographic name entry element INVESTMENT PROPERTY
650 ## - SUBJECT ADDED ENTRY--TOPICAL TERM
Topical term or geographic name entry element INTERNATIONAL ACCOUNTING STANDARDS
650 ## - SUBJECT ADDED ENTRY--TOPICAL TERM
Topical term or geographic name entry element INTERNATIONAL VALUATION STANDARDS COMMITTEE
650 ## - SUBJECT ADDED ENTRY--TOPICAL TERM
Topical term or geographic name entry element OWNER-OCCUPIED PROPERTY
690 ## - LOCAL SUBJECT ADDED ENTRY--TOPICAL TERM (OCLC, RLIN)
Topical term or geographic name as entry element VALUATION AND INVESTMENT APPRAISAL
942 ## - ADDED ENTRY ELEMENTS (KOHA)
Suppress in OPAC 0
Holdings
Withdrawn status Lost status Source of classification or shelving scheme Damaged status Not for loan Home library Current library Shelving location Date acquired Total Checkouts Full call number Barcode Date last seen Copy number Price effective from Koha item type
    Dewey Decimal Classification     London London News article 10/03/2004   WB4010-18 125387-1001 06/08/2019 1 06/08/2019 News article